Some problems of the ancient Tibetan verbal morphology methodological observations and recent studies /

Elmentve itt :
Bibliográfiai részletek
Szerző: Uray Géza
Dokumentumtípus: Cikk
Megjelent: 1953
Sorozat:Acta Linguistica Academiae Scientiarum Hungaricae;Acta linguistica Hungarica : an international journal of linguistics
Kulcsszavak:Tibeti nyelv - alaktan
Tárgyszavak:
Online Access:http://misc.bibl.u-szeged.hu/65795
LEADER 00944nab a2200253 i 4500
001 misc65795
005 20230512150023.0
008 230317s1953 hu o 0|| eng d
040 |a SZTE Miscellanea Repozitórium  |b hun 
041 |a eng 
041 |a rus 
041 |a tib 
100 1 |a Uray Géza 
245 1 0 |a Some problems of the ancient Tibetan verbal morphology   |h [elektronikus dokumentum] :  |b methodological observations and recent studies /  |c  Uray Géza 
260 |c 1953 
300 |a 37-62  |c 25 cm 
300 |a [26] p. 1 t.  |c 25 cm 
490 0 |a Acta Linguistica Academiae Scientiarum Hungaricae;Acta linguistica Hungarica : an international journal of linguistics 
561 |a Németh Gyula hagyaték 
591 |a NOT 6245; LOT 4076; ROT 777 
650 4 |a Bölcsészettudományok 
650 4 |a Nyelvek és irodalom 
695 |a Tibeti nyelv - alaktan 
856 4 0 |u http://misc.bibl.u-szeged.hu/65795/1/6245_not.pdf  |z Dokumentum-elérés